| 000 | 01723nam a2200313Ia 4500 | ||
|---|---|---|---|
| 001 | D4326 | ||
| 003 | IT-RoPAU | ||
| 008 | 130308s9999 xx 000 0 und d | ||
| 040 | _aIT-RoPAU | ||
| 040 | _cIT-RoPAU | ||
| 041 | _aFRANCESE | ||
| 100 | _aMeunier Jean-Pierre | ||
| 100 | _gCodice Aut. SPICS: 42357 | ||
| 245 | _aIntroduction aux theories de la communication | ||
| 245 | _bIntroduction Aux Theories de la Communication | ||
| 250 | _a1a ed. | ||
| 260 | _aBRUXELLES | ||
| 260 | _bDe Boeck/Wesmael | ||
| 260 | _c1993 [1° Ed.:1993 - Ed.Ling.Originale:1993] | ||
| 300 | _a"304 p. (prefazione: no ; testo: 304)" | ||
| 500 | _aIntroduzione Alle teorie della Comunicazione: Analisi Semiopragmatica della Comunicazione Mediatica. piccola fenomenologia di un Messaggio scritto Visivo. Panorama delle teorie della Comunicazione. Dal Modello del Telegrafo a Quello dell'Orchestra: Modelli di Lasswell e di Saussure. Semiotica Strutturale Alla Ricerca dei Significati: Comunicazione e Linguistica, progetto Semiologico. Primo Approccio dell'Enunciazione. Atti di Linguaggio. Atti Illocuzionari e Relazione. Parole e Immagini. Pragmatica delle comunicazioni Audio scritto Visive. Comunicazione e Relazione: relazione Sociale, Grandi Modi di Comunicazione, posizione e Gesto, Stile vocale e Verbale, Mediatizzazione della Comunicazione. comunicazioni Audio scritto Visive: Discorso e Storia, Dispositivi di Enunciazione. Vita dei Segni nella Vita Sociale. Guida per L'Analisi dei Messaggi Mediatici. Bibliografia Selettiva. | ||
| 650 | _aSEMIOLOGIA | ||
| 650 | _eCodice materia Spics: 3251 | ||
| 700 | _aPeraya Daniel | ||
| 700 | _gCodice Aut. SPICS: 34692 | ||
| 942 | _cBK | ||
| 957 | _71 | ||
| 999 |
_c88134 _d88134 |
||
| 999 | _g1 | ||